000 00465nam a2200181Ia 4500
001 16381
005 20260306170305.0
008 260306t2022||||xx |||||||||||||| ||und||
041 _aESP
082 _a348.55
_bE88
100 _aEspinoza Calderón, Víctor Raúl
_eAUT
245 0 _aDelitos informáticos y nuevas modalidades delictivas
260 _c2022
300 _a398 páginas :
_c25 cm.
650 _aGEN
654 _aCDE
942 _cLIB
_dJUS
_fJUS
_2ddc
_n
999 _c16381
_d16381